| 000 | 01117pam a2200289 a 4500 | ||
|---|---|---|---|
| 999 |
_c26879 _d26879 |
||
| 001 | 2437114 | ||
| 003 | OSt | ||
| 005 | 20170207084204.0 | ||
| 008 | 880428s1989 ctua b 001 0 eng | ||
| 010 | _a 88016881 | ||
| 020 | _a0300041780 (alk. paper) | ||
| 040 |
_aDLC _cDLC _dDLC |
||
| 050 | 0 | 0 |
_aND237.R725 _bC5 1989 |
| 082 | 0 | 0 |
_a759.13 _219 |
| 100 | 1 | _aChave, Anna. | |
| 245 | 1 | 0 |
_aMark Rothko : _bsubjects in abstraction / _cAnna C. Chave. |
| 260 |
_aNew Haven : _bYale University Press, _cc1989. |
||
| 300 |
_a229 p. : _bill. (some col.) ; _c26 cm. |
||
| 440 | 0 |
_aYale publications in the history of art ; _v39 |
|
| 500 | _aBased on the author's thesis (Ph. D.--Yale University, 1982). | ||
| 500 | _aIncludes index. | ||
| 504 | _aBibliography: p. [217]-224. | ||
| 600 | 1 | 0 |
_aRothko, Mark, _d1903-1970 _xCriticism and interpretation. |
| 906 |
_a7 _bcbc _corignew _d1 _eocip _f19 _gy-gencatlg |
||
| 942 |
_2lcc _cBOOKS _hND 237 .R725C5 1989 |
||